Get the Picture: Which Michelle? Quiz Stats

 Plays Quiz Updated Apr 1, 2019

Score 0/15 Timer 02:00
2 Plays Today
Question Answer Wrong Answers
Crouching Tiger, Hidden Dragon Michelle Yeoh
87.8%
Michelle Williams
2.9%
Michelle Rodriguez
3.8%
Crazy Rich Asians Michelle Yeoh
87.5%
Michelle Williams
2.5%
Michelle Rodriguez
4.5%
Memoirs of a Geisha Michelle Yeoh
85%
Michelle Williams
5%
Michelle Rodriguez
4.5%
My Week with Marilyn Michelle Williams
84.5%
Michelle Yeoh
4.6%
Michelle Rodriguez
5.3%
Brokeback Mountain Michelle Williams
83.8%
Michelle Yeoh
3.7%
Michelle Rodriguez
6.6%
The Fate of the Furious Michelle Rodriguez
78.9%
Michelle Yeoh
7.5%
Michelle Williams
7.8%
The Greatest Showman Michelle Williams
73.4%
Michelle Yeoh
8.1%
Michelle Rodriguez
12.5%
Battle Los Angeles Michelle Rodriguez
73.1%
Michelle Yeoh
11.4%
Michelle Williams
9.5%
Blue Valentine Michelle Williams
70.6%
Michelle Yeoh
9.3%
Michelle Rodriguez
14.2%
Shutter Island Michelle Williams
68.6%
Michelle Yeoh
8.3%
Michelle Rodriguez
17.4%
Avatar Michelle Rodriguez
64.4%
Michelle Yeoh
16.7%
Michelle Williams
13.6%
Tomorrow Never Dies Michelle Yeoh
58.6%
Michelle Williams
15.2%
Michelle Rodriguez
20.4%
The Assignment Michelle Rodriguez
42.4%
Michelle Yeoh
20.8%
Michelle Williams
31%
Widows Michelle Rodriguez
39.7%
Michelle Yeoh
20.7%
Michelle Williams
33.8%
Guardians of the Galaxy Vol. 2 Michelle Yeoh
33.1%
Michelle Williams
16.5%
Michelle Rodriguez
44.6%

Today's Daily Dose

Missing Word
Celine Dion

Word Ladder
Dr. Seuss Books

Quick Pick
Cities in India

Get the Picture
'A' Actresses

You're not logged in!

Compare scores with friends on all Sporcle quizzes.
OR
Log In

Sporcle TV

Today on Sporcle TV


Watch our educational content, quiz creation guides, and fun videos on Sporcle TV.

Show Comments

Extras

Top Quizzes Today


Score Distribution

Your Account Isn't Verified!

In order to create a playlist on Sporcle, you need to verify the email address you used during registration. Go to your Sporcle Settings to finish the process.

Report this User

Report this user for behavior that violates our Community Guidelines.

Details: